书目信息 |
| 题名: |
治病先健心
|
|
| 作者: | 千舒 主编 | |
| 分册: | ||
| 出版信息: | 北京 中国物资出版社 2008.08 |
|
| 页数: | 278页 | |
| 开本: | 24cm | |
| 丛书名: | ||
| 单 册: | ||
| 中图分类: | R395.6 | |
| 科图分类: | ||
| 主题词: | 心理保健--xin li bao jian--基本知识 | |
| 电子资源: | ||
| ISBN: | 978-7-5047-2857-9 | |
| 000 | 00749nam0 2200229 450 | |
| 001 | 012009191750 | |
| 005 | 20090429155724.12 | |
| 010 | @a978-7-5047-2857-9@dCNY32.80 | |
| 100 | @a20090429d2008 em y0chi0120 ea | |
| 101 | 0 | @achi |
| 102 | @aCN@b110000 | |
| 105 | @ay z 000yy | |
| 106 | @ar | |
| 200 | 1 | @a治病先健心@Azhi bing xian jian xin@f千舒主编@Fqian shu zhu bian |
| 210 | @a北京@c中国物资出版社@d2008.08 | |
| 215 | @a278页@d24cm | |
| 330 | @a本书从心理对生理的影响、百病由心生、健身先健心、主要疾病的心理治疗四个方面介绍了心理健康对人身体健康的重要作用。 | |
| 606 | 0 | @a心理保健@Axin li bao jian@x基本知识 |
| 690 | @aR395.6@v4 | |
| 701 | 0 | @a千舒@Aqian shu@4主编 |
| 801 | 0 | @aCN@bQSSK@c20090429 |
| 905 | @b740717-19@dR395.6@eQ164@f3 | |
| 治病先健心/千舒主编.-北京:中国物资出版社,2008.08 |
| 278页;24cm |
| ISBN 978-7-5047-2857-9:CNY32.80 |
| 本书从心理对生理的影响、百病由心生、健身先健心、主要疾病的心理治疗四个方面介绍了心理健康对人身体健康的重要作用。 |
| ● |
| 相关链接 |
|
|
|
正题名:治病先健心
索取号:R395.6/Q164
 
预约/预借
| 序号 | 登录号 | 条形码 | 馆藏地/架位号 | 状态 | 备注 |
| 1 | 740717 | 207407171 | 自科库401/ [索取号:R395.6/Q164] | 在馆 | |
| 2 | 740718 | 207407180 | 自科库401/401自科库 15排4列4层/ [索取号:R395.6/Q164] | 在馆 | |
| 3 | 740719 | 207407199 | 自科库401/401自科库 15排4列4层/ [索取号:R395.6/Q164] | 在馆 |